000 00354 a2200109 4500
001 ART_17634
005 20260410161924.0
008 260409a
245 1 0 _aThe narrowing of black-white wage differentials is illusory
100 1 _aLazear, Edward P.
773 0 _tThe American Economic Review
_g- Vol. 69, NÂș 4 (sep. 1979)
_wREV16190
999 _c27946
_d27946